Music Quiz

Random Music or Letter Quiz
Score 0/26 Timer 04:00
4 Plays Today
Clue Word % Correct
Michael, Janet, or TitoJackson
95.5%
Kurt Cobain was their lead singerNirvana
93.8%
The Fab FourBeatles
92.6%
The 'Material Girl'Madonna
92.1%
John Lennon's best-selling singleImagine
90.8%
Louis Armstrong's instrumentTrumpet
90.4%
The highest singing voiceSoprano
85.6%
Phil Collins and Peter Gabriel bandGenesis
84.3%
'The Bodyguard' vocalist/actressHouston
79.6%
Valli, Lymon or LaineFrankie
72.6%
'Hey Ya!' hip-hop duoOutKast
70.1%
_______, Lake & PalmerEmerson
70.1%
Undead-sounding 'She's Not There' bandZombies (The)
64.6%
Clue Word % Correct
Debut single by the Spice Girls'Wannabe'
63.7%
Fleetwood Mac's 1977 studio albumRumours
59.3%
'Coal Miner's Daughter' (first name)Loretta
59.3%
At a brisk tempo (musical term)Allegro
52.7%
Dave Brubeck _______Quartet
52.1%
Cyndi Lauper album: 'She's So _______'Unusual
49.2%
'Sunshine Superman' singerDonovan
36.6%
L.A. record label founded in 1942Capitol
30.8%
Gene _______ and His Blue CapsVincent
24.9%
'It Ain't Over 'til It's Over' singerKravitz
19.1%
Armando Christian PĂ©rezPitbull
14.7%
Senegalese singer: _______ N'DourYoussou
12.6%
Baby V.O.X. song (shortened form: XTC)'Xcstasy'
9.1%

You're not logged in!

Compare scores with friends on all Sporcle quizzes.
OR
Log In

Sporcle TV

Today on Sporcle TV


Watch our educational content, quiz creation guides, and fun videos on Sporcle TV.

Show Comments

Extras

Top Quizzes Today


Score Distribution

Your Account Isn't Verified!

In order to create a playlist on Sporcle, you need to verify the email address you used during registration. Go to your Sporcle Settings to finish the process.

Report this User

Report this user for behavior that violates our Community Guidelines.

Details: